[Event "Hamburg-ch MA"]
[Site "Hamburg"]
[Date "2010.05.30"]
[Round "9.1"]
[White "Bracker, Frank"]
[Black "Henrich, Holger"]
[Result "1-0"]
[WhiteElo "2274"]
[BlackElo "2156"]
[PlyCount "119"]
[EventDate "2010.05.22"]
[EventType "swiss"]
[EventRounds "9"]
[EventCountry "GER"]
[SourceTitle "EXT 2011"]
[Source "ChessBase"]
[SourceDate "2010.11.26"]
[SourceVersion "1"]
[SourceVersionDate "2010.11.26"]
[SourceQuality "1"]

1. e4 e6 2. d4 d5 3. Nc3 Nf6 4. Bg5 dxe4 5. Nxe4 Nbd7 6. Nf3 h6 7. Nxf6+ Nxf6 8. Be3 Nd5 9. Qd2 c5 10. Ne5 Bd7 11. dxc5 Nxe3 12. fxe3 Bc6 13. Qxd8+ Rxd8 14. Nxc6 bxc6 15. b4 Be7 16. Bd3 Kd7 17. Rb1 Kc7 18. Rf1 Rhf8 19. Rb3 Rb8 20. Ke2 a5 21. bxa5 Bxc5 22. Rxb8 Kxb8 23. Bc4 Kc7 24. h4 g6 25. a6 f5 26. Rb1 Bb6 27. a4 Rb8 28. Bxe6 Re8 29. a5 Bc5 30. Rb7+ Kd6 31. Bb3 Rxe3+ 32. Kf1 Re7 33. Rb8 g5 34. h5 Ra7 35. Bc4 Bd4 36. Rg8 Bg7 37. Rb8 Re7 38. Rb7 Bd4 39. Bd3 f4 40. Rxe7 Kxe7 41. Ke2 g4 42. Bf5 f3+ 43. gxf3 gxf3+ 44. Kxf3 Kd8 45. c3 Bg1 46. Be4 Kc7 47. Kf4 Bf2 48. Kf5 Be1 49. Kg6 Bd2 50. c4 Be3 51. c5 Bf4 52. a7 Kb7 53. Bxc6+ Kxa7 54. Bb5 Kb8 55. Be2 Kb7 56. Kf5 Be3 57. Bf3+ Kb8 58. c6 Bd2 59. a6 Be3 60. Kg6 1-0

[Event "Hamburg-ch MA"]
[Site "Hamburg"]
[Date "2010.05.26"]
[Round "5.4"]
[White "Hebbinghaus, Holger"]
[Black "Henrich, Holger"]
[Result "1/2-1/2"]
[WhiteElo "2202"]
[BlackElo "2156"]
[PlyCount "33"]
[EventDate "2010.05.22"]
[EventType "swiss"]
[EventRounds "9"]
[EventCountry "GER"]
[SourceTitle "EXT 2011"]
[Source "ChessBase"]
[SourceDate "2010.11.26"]
[SourceVersion "1"]
[SourceVersionDate "2010.11.26"]
[SourceQuality "1"]

1. e4 c5 2. Nf3 Nc6 3. Bb5 Nf6 4. Bxc6 dxc6 5. d3 Bg4 6. Nbd2 Nd7 7. h3 Bh5 8. Nf1 f6 9. Ng3 Bf7 10. Be3 e5 11. Qd2 Qb6 12. b3 g6 13. 0-0 Be7 14. a3 Qc7 15. Qc3 Qd6 16. Rab1 0-0 17. b4 1/2-1/2

[Event "Hamburg-ch MA"]
[Site "Hamburg"]
[Date "2010.05.23"]
[Round "2.2"]
[White "Henrich, Holger"]
[Black "Reddmann, Hauke"]
[Result "0-1"]
[WhiteElo "2156"]
[BlackElo "2241"]
[PlyCount "62"]
[EventDate "2010.05.22"]
[EventType "swiss"]
[EventRounds "9"]
[EventCountry "GER"]
[SourceTitle "EXT 2011"]
[Source "ChessBase"]
[SourceDate "2010.11.26"]
[SourceVersion "1"]
[SourceVersionDate "2010.11.26"]
[SourceQuality "1"]

1. d4 Nf6 2. c4 e6 3. Nf3 b6 4. Nc3 Bb4 5. Qc2 Bb7 6. a3 Bxc3+ 7. Qxc3 Ne4 8. Qc2 f5 9. b4 a5 10. Bb2 Qe7 11. b5 d6 12. e3 Nd7 13. Be2 0-0 14. 0-0 Rf6 15. d5 Rh6 16. Nd4 Ndc5 17. g3 Qg5 18. Nf3 Qg6 19. Rfd1 f4 20. Kg2 fxe3 21. Bc1 Nxf2 22. Qxg6 Rxg6 23. Rf1 exd5 24. Bxe3 Ng4 25. Bf4 Re8 26. Rfe1 d4 27. Kg1 Rxe2 28. Rxe2 Bxf3 29. Re8+ Kf7 30. Rc8 Ne6 31. Rf1 Be2 0-1

[Event "Pinneberg-ch"]
[Site "Pinneberg"]
[Date "2009.08.27"]
[Round "1"]
[White "Henrich, Holger"]
[Black "Iwanow, Thomas"]
[Result "1/2-1/2"]
[WhiteElo "2165"]
[BlackElo "1747"]
[PlyCount "109"]
[EventDate "2009.08.27"]
[EventType "swiss"]
[EventRounds "7"]
[EventCountry "GER"]
[SourceTitle "EXT 2012"]
[Source "ChessBase"]
[SourceDate "2011.11.24"]
[SourceVersion "1"]
[SourceVersionDate "2011.11.24"]
[SourceQuality "1"]

1. d4 d5 2. c4 c6 3. Nf3 e6 4. e3 Be7 5. Bd3 Nd7 6. 0-0 f5 7. b3 Ndf6 8. Ne5 Nh6 9. Ba3 0-0 10. Bxe7 Qxe7 11. Nd2 Bd7 12. c5 Be8 13. b4 Nf7 14. Nxf7 Rxf7 15. Nf3 Nd7 16. Qc2 Qf6 17. Qc3 Re7 18. b5 Bh5 19. bxc6 bxc6 20. Ne5 Nxe5 21. dxe5 Qf8 22. Ba6 Rb8 23. Rab1 Ree8 24. Qa5 Qe7 25. Bd3 Rec8 26. f4 Be8 27. Ba6 Rd8 28. Bb7 Kf8 29. Rb4 Rd7 30. Bxc6 Rxb4 31. Qxb4 Rc7 32. Bxe8 Kxe8 33. Qb5+ Qd7 34. Rb1 Qxb5 35. Rxb5 Kd7 36. Kf2 Kc6 37. Ra5 Kb7 38. Ke2 h6 39. Kd3 g5 40. Kd4 Rc6 41. Ra3 g4 42. h3 h5 43. Rb3+ Kc7 44. Ra3 Kb7 45. Ra5 Rc7 46. Rb5+ Kc8 47. hxg4 hxg4 48. g3 Rc6 49. a4 Ra6 50. a5 Kc7 51. Kc3 Rc6 52. Kb3 Ra6 53. Ka4 Rc6 54. Rb2 Rxc5 55. a6 1/2-1/2